| 000 | 00807nam a2200229 i 4500 | ||
|---|---|---|---|
| 001 | 165675 | ||
| 003 | ES-MaACL | ||
| 005 | 20250815062650.0 | ||
| 008 | 010627s1901 sp |||| | spa d | ||
| 040 |
_aCCPB | B _bspa _cCCPB | B |
||
| 100 | 1 |
_aSpencer, Herbert, _d1820-1903 _9107684 |
|
| 245 | 1 | 0 |
_aInstituciones profesionales / _cpor Herbert Spencer ; traducción por Leopoldo Palacios. |
| 260 |
_aMadrid : _bLa España Moderna, _c1901 ( _fAvrial, impresor) |
||
| 300 |
_a195 p. ; _c23 cm. |
||
| 490 | 1 | _aBiblioteca de jurisprudencia, filosofía e historia | |
| 650 | 4 |
_aProfesiones. _9136771 |
|
| 700 | 1 |
_aPalacios, Leopoldo. _9130788 |
|
| 830 | 0 | 0 |
_aBiblioteca de jurisprudencia, filosofía e historia _9180691 |
| 852 |
_aES-MaACL _jF-14783 _z-- Rúst. |
||
| 999 |
_c165675 _d165675 |
||